Tribhuvan University Central Library

Colon classification (Record no. 57011)

MARC details
000 -LEADER
fixed length control field 00617 a2200217 4500
041 ## - LANGUAGE CODE
Language code of text/sound track or separate title Eng
082 ## - DEWEY DECIMAL CLASSIFICATION NUMBER
Classification number 025.43
Item number C361c
100 ## - MAIN ENTRY--PERSONAL NAME
Personal name Chand, Mohinder Preatap
9 (RLIN) 15764
100 ## - MAIN ENTRY--PERSONAL NAME
Personal name Sachdeva, B R
9 (RLIN) 15765
245 ## - TITLE STATEMENT
Title Colon classification
Remainder of title its structure and working (a programmed text).
260 ## - PUBLICATION, DISTRIBUTION, ETC.
Place of publication, distribution, etc. New Delhi
Name of publisher, distributor, etc. Sterling Pub.,
Date of publication, distribution, etc. 1978
300 ## - PHYSICAL DESCRIPTION
Extent x, 134p.
650 ## - SUBJECT ADDED ENTRY--TOPICAL TERM
Topical term or geographic name entry element Classification system
9 (RLIN) 2174
650 ## - SUBJECT ADDED ENTRY--TOPICAL TERM
Topical term or geographic name entry element Classification
650 ## - SUBJECT ADDED ENTRY--TOPICAL TERM
Topical term or geographic name entry element Books
9 (RLIN) 419
650 ## - SUBJECT ADDED ENTRY--TOPICAL TERM
Topical term or geographic name entry element Library systems
9 (RLIN) 1458
653 ## - INDEX TERM--UNCONTROLLED
Uncontrolled term Library science
654 ## - SUBJECT ADDED ENTRY--FACETED TOPICAL TERMS
Focus term Colon classification
9 (RLIN) 4313
942 ## - ADDED ENTRY ELEMENTS (KOHA)
Source of classification or shelving scheme Dewey Decimal Classification
Koha item type General Collections
518 ## - DATE/TIME AND PLACE OF AN EVENT NOTE
-- 2067-10-27
Holdings
Withdrawn status Lost status Source of classification or shelving scheme Damaged status Not for loan Home library Current library Date acquired Total Checkouts Total Renewals Full call number Barcode Date last seen Date last checked out Price effective from Koha item type
    Dewey Decimal Classification     Tribhuvan University Central Library Tribhuvan University Central Library 02/10/2011 3 1 025.43 C361c 69930 07/02/2020 03/11/2020 02/10/2011 General Collections